000 00646 a2200241 4500
003 IN-BaIIA
005 20240921121359.0
008 240921b |||||||| |||| 00| 0 eng d
020 _a978-3-662-65893-2
040 _cIIA Library
080 _a524.6-52
_bLON
100 _aLongair, Malcolm S
_949162
245 _aGalaxy formation
_cby Malcolm S. Longair
250 _a3rd ed.
260 _aGermany
_bSpringer Nature
_c2023
300 _axxv, 772p.
490 _aAstronomy and Astrophysics Library
650 _aGalaxy
_93368
650 _aCosmology
650 _aSpectrum
_917167
650 _aEarly Universe
_911745
942 _2udc
_cBK
999 _c36062
_d36062